Islands by countries II Quiz Stats

 Plays Quiz not verified by Sporcle

Support Sporcle.
Go Orange.
Score 0/25 Timer 05:00
0 Plays Today
% Correct
Sardinia
93.4%
Honshu
92.5%
Newfoundland
89.6%
Luzon
88.7%
Corfu
87.7%
North Island
84.9%
Spitsbergen
84%
Príncipe
84%
Novaya Zemlya
83%
Île de Ré
83%
Oʻahu
78.3%
Komodo
77.4%
Gotland
76.4%
% Correct
San Cristóbal
73.6%
Fasta Åland
71.7%
Tarawa
71.7%
Hvar
67%
Marion Island
60.4%
Yap
59.4%
New Ireland
59.4%
Islay
56.6%
Sylt
50%
Chiloé
50%
Fyn
48.1%
Bequia
34%

You're not logged in!

Compare scores with friends on all Sporcle quizzes.
OR
Log In

From the Vault

Sunday Crossword: Four-Letter Bands

by Zipcity

Rock out with a headbanging crossword.
Remove Ads.
Support Sporcle.
Get the best of Sporcle when you Go Orange. This ad-free experience offers more features, more stats, and more fun while also helping to support Sporcle. Thank you for becoming a member.

Show Comments

Extras

Top Quizzes Today


Score Distribution

Your Account Isn't Verified!

In order to create a playlist on Sporcle, you need to verify the email address you used during registration. Go to your Sporcle Settings to finish the process.

Report this User

Report this user for behavior that violates our Community Guidelines.

Details: